| 000 | 00690nam a2200205Ia 4500 | ||
|---|---|---|---|
| 999 |
_c39515 _d39515 |
||
| 001 | 6111 | ||
| 003 | GE_BSU | ||
| 005 | 20190919144403.0 | ||
| 008 | 181216s1944||||ge |||||||||||||| ||geo|| | ||
| 040 | _cGE_BSU | ||
| 041 | _ageo | ||
| 080 | _a821.353.1-1 ა-87 | ||
| 100 |
_aასათიანი, ლადო _94107 |
||
| 245 |
_aლექსები / _cლადო ასათიანი ; რედ. ბ. ჟღენტი. |
||
| 264 |
_aთბილისი : _bსაბლიტგამი ; _c1944. |
||
| 300 |
_a80 გვ. ; _c20 სმ. |
||
| 653 | _aლექსები | ||
| 700 |
_aჟღენტი, ბ. _eრედაქტორი _93779 |
||
| 942 |
_cBK _2udc |
||